Catálogo
 En Linea

En yolas no, coterráneo / (Registro nro. 30139)

Detalles MARC
000 -CABECERA
campo de control de longitud fija 00645nam a2200217 a 4500
001 - NÚMERO DE CONTROL
campo de control 000030647
003 - IDENTIFICADOR DEL NÚMERO DE CONTROL
campo de control OSt
005 - FECHA Y HORA DE LA ÚLTIMA TRANSACCIÓN
campo de control 20201027110010.0
008 - DATOS DE LONGITUD FIJA--INFORMACIÓN GENERAL
campo de control de longitud fija 110525s2011 dr 000 0 spa d
020 ## - NÚMERO INTERNACIONAL ESTÁNDAR DEL LIBRO
Número Internacional Estándar del Libro 9789945868852
040 ## - FUENTE DE LA CATALOGACIÓN
Centro catalogador/agencia de origen DO-SdBNP
Lengua de catalogación spa
Centro/agencia transcriptor BNPHU
082 ## - NÚMERO DE LA CLASIFICACIÓN DECIMAL DEWEY
Número de clasificación xxx
Número de documento/Ítem T233e
100 1# - ENTRADA PRINCIPAL--NOMBRE DE PERSONA
Nombre de persona Taveras Mejía, Antonio
9 (RLIN) 6478
245 10 - MENCIÓN DE TÍTULO
Título En yolas no, coterráneo /
Mención de responsabilidad, etc. Antonio Taveras Mejía.
260 ## - PUBLICACIÓN, DISTRIBUCIÓN, ETC.
Lugar de publicación, distribución, etc. Santo Domingo :
Nombre del editor, distribuidor, etc. Ediciones Renovación,
Fecha de publicación, distribución, etc. 2011.
300 ## - DESCRIPCIÓN FÍSICA
Extensión 107 p. ;
Dimensiones 23 cm.
586 ## - NOTA DE PREMIOS
Nota de premios Premio de poesía Emilio Prud´ Homme, 2010
590 ## - NOTA LOCAL (RLIN)
Nota local Inventariado, 2020 / DG
910 ## - DATOS DE OPCIÓN DEL USUARIO (OCLC)
Datos de opción del usuario Inventariado, 2020 / DG
942 ## - ELEMENTOS DE PUNTO DE ACCESO ADICIONAL (KOHA)
Fuente del sistema de clasificación o colocación Dewey Decimal Classification
Tipo de ítem Koha Libro
Existencias
Estado de retiro Estado de pérdida Fuente del sistema de clasificación o colocación No para préstamo Código de colección Localización permanente Ubicación/localización actual Ubicación en estantería Fecha de adquisición Número de inventario Total de préstamos Signatura topográfica completa Código de barras Fecha visto por última vez Precio válido a partir de Tipo de ítem Koha Fuente de adquisición Número de copia
    Dewey Decimal Classification     Biblioteca Nacional Pedro Henríquez Ureña Biblioteca Nacional Pedro Henríquez Ureña En catalogación 06.12.2018     xxx T233e   27.10.2020 27.10.2020 Libro Donado por Nieves Enuterio Rondòn e.4
    Dewey Decimal Classification   Patrimonio Dominicano General General En catalogación 25.05.2011 LF1   xxx T233e 30647-30 25.06.2020 25.06.2020 Libro y Folleto Colección Patrimonio Dominicano    
    Dewey Decimal Classification   Patrimonio Dominicano Patrimonio Dominicano Patrimonio Dominicano En catalogación 25.05.2011 LF1   xxx T233e 30647-10 25.06.2020 25.06.2020 Libro y Folleto Colección Patrimonio Dominicano    
    Dewey Decimal Classification   Patrimonio Dominicano Patrimonio Dominicano Patrimonio Dominicano En catalogación 25.05.2011 LF1   xxx T233e 30647-20 25.06.2020 25.06.2020 Libro y Folleto Colección Patrimonio Dominicano    

Con tecnología Koha